000 00285nam a22001337a 4500
008 170427b xxu||||| |||| 00| 0 eng d
020 _a9780669324624
041 _aeng
080 _23 ED
_a54
100 _a12
101 _aSHM
245 _aCHEMISTRY
_cZUMDAHL.S.S
942 _2udc
_cBK
999 _c12228
_d12228